000 01952cam a22004574i 4500
003 PE-LiUPU
005 20250731173002.0
008 150623s r 000 0 d
020 _a076790303X
035 _a(Sirsi) i9780767903035
040 _aPE-LiUPU
_bspa
_cPE-LiUPU
_erda
049 _aPRUA
082 0 4 _a261.55
_bS31
_221
100 1 _aSchroeder, Gerald L.,
_eautor.
245 1 4 _aThe science of God :
_bthe convergence of scientific and biblical wisdom /
_cGerald L. Schroeder.
264 1 _aNew York, NY :
_bBroadway Books,
_c1997.
300 _a224 páginas ;
_c21 centímetros
336 _atext
_2rdacontent
337 _aunmediated
_2rdamedia
338 _avolume
_2rdacarrier
504 _aIncluye bibliografía.
505 0 _aHas science replaced the Bible? the great debate. -The new convrgence: science, scientists, and the Bible. -The age of our universe: six days and fifteen billion years. -The six day of Genesis. -The nature of God: biblical expectations for an infinite yet immanent creator. -Life: its origins and its evolution. -Evolution: statics versus random mutations. -The watchmaker and the watch. -The origin of humankind. -The science of free will. -Why bad (and good) things happen. -Bread from earth: a universe tuned for life.
526 _aSEG42
526 _aSEG41
526 _aSEG40
526 _aSEG39
526 _aP94
526 _aP87
526 _aP86
526 _aP85
526 _aP77
526 _aP76
526 _aP35
630 _aBiblia y Ciencia.
942 _2ddc
_cBOOK
949 _a261.55 S31
_wDEWEY
_c1
_i45550
_lCCODEBUL1
_mBUL
_r0
_sY
_tBOOK
_u2015-6-24
_xTEOLOGIA
_PP35
_0COMPRA
_o.STAFF. Colección General
994 _aC0
_bPEPRU
596 _a1
999 _a261.55 S31
_wDEWEY
_c22415
_i45550
_f2021-11-10
_g5
_lCCODEBUL1
_mBUL
_r0
_sY
_tBOOK
_u2015-6-24
_xTEOLOGIA
_PP35
_0COMPRA
_o.STAFF. Colección General
_d22415
980 _81
_gALBERTO SANCHEZ Responsable de Automatización